A fiuk [fiúk!] és leányok játékairól

Elmentve itt :
Bibliográfiai részletek
Szerző: Szedlacsek Lajos
Dokumentumtípus: Cikk
Megjelent: 1894
Sorozat:Magyar pedagógia : a Magyar Tudományos Akadémia Pedagógiai Bizottságának folyóirata 3
Kulcsszavak:Játékpedagógia, Játékok
Online Access:http://misc.bibl.u-szeged.hu/6997
LEADER 00666nab a2200181 i 4500
001 misc6997
005 20191106144323.0
008 170607s1894 hu o 0|| hun d
022 |a 0025-0260 
040 |a SZTE Miscellanea Repozitórium  |b hun 
041 |a hun 
100 1 |a Szedlacsek Lajos 
245 1 2 |a A fiuk [fiúk!] és leányok játékairól  |h [elektronikus dokumentum] /  |c  Szedlacsek Lajos 
260 |c 1894 
300 |a 385-394 
490 0 |a Magyar pedagógia : a Magyar Tudományos Akadémia Pedagógiai Bizottságának folyóirata  |v 3 
695 |a Játékpedagógia, Játékok 
856 4 0 |u http://misc.bibl.u-szeged.hu/6997/1/mp_1894_0235_385-394.pdf  |z Dokumentum-elérés